000 01438cam a2200373 a 4500
001 4522618
003 ARRUPE
005 20160803092716.0
008 001128s2000 mauab b 001 0 eng c
010 _a9962389
020 _a0312227442
020 _a0312167075 (pbk.)
035 _a(OCoLC)43562616
035 _a(OCoLC)ocm43562616
035 _a(NNC)4522618
040 _aONU
_cONU
_dUMC
_dNNUT
042 _apcc
043 _an------
050 4 _aF1030.7
_b.J47 2000
090 _aF1030.7
_b.J47 2000
245 0 4 _aThe Jesuit relations :
_bnatives and missionaries in seventeenth-century North America /
_cedited with an introduction by Allan Greer
260 _aBoston :
_bBedford/St. Martin's,
_cc2000
300 _axiii, 226 p. :
_bill., maps ;
_c21 cm.
490 1 _aThe Bedford series in history and culture
500 _aSelections (with language updated) from the English-language sections of the seventy-three-volume compilation, The Jesuit relations and allied documents, published under the editorship of Reuben Gold Thwaites.
504 _aIncludes bibliographical references (p. 215-217) and index
650 0 _aJesuit relations
_924537
650 0 _aJesuits
_xMissions
_zNorth America
_924538
700 1 _aGreer, Allan.
_924539
740 0 _aJesuit relations and allied documents. Selections.
830 0 _aBedford series in history and culture.
_924025
942 _2lcc
_cMONOGRAPH
999 _c124827
_d124827